000 00462pab a2200169 454500
008 180718b2010 xxu||||| |||| 00| 0 eng d
100 _aBanzhaf, H. Spencer
245 _aCan the land tax help curb urban sprawl? Evidence from growth patterns in Pennsylvania
260 _c2010
300 _ap.169-179.
362 _aMar
650 _aUrban development
700 _aLavery, Nathan
773 _aJournal of Urban Economics
908 _aN
909 _a90596
999 _c90596
_d90596